| 000 | 00426nam a2200169Ia 4500 | ||
|---|---|---|---|
| 001 | 26204 | ||
| 003 | Ost | ||
| 005 | 20260507160118.0 | ||
| 008 | 251113s9999||||xx |||||||||||||| ||eng|| | ||
| 040 | _cnitttr | ||
| 041 | _aeng | ||
| 082 |
_a620.106 _bN164E |
||
| 100 | _aNarayana, P A Aswatha | ||
| 245 | 0 |
_aEngineering fluid mechanics / _cNarayana, P A Aswatha, Seetharamu, K N. |
|
| 700 | _a Seetharamu, K N. | ||
| 942 | _cBK | ||
| 999 |
_c26014 _d26014 |
||